Estadísticas para Comunas del Gran Santiago

Haz click aquí para intentar la prueba.

Estadísticas generales

  • Esta prueba ha sido intentada 159 veces
  • La puntuación promedio es 28 de 40

Estadísticas de respuestas

ProvinciaComuna% Correcto
CordilleraPuente Alto
98%
SantiagoLas Condes
94%
SantiagoMaipú
94%
SantiagoSantiago Centro
94%
SantiagoÑuñoa
86%
SantiagoVitacura
84%
SantiagoLa Florida
83%
SantiagoProvidencia
83%
SantiagoLo Barnechea
81%
MaipoSan Bernardo
80%
SantiagoLa Pintana
77%
SantiagoMacul
77%
SantiagoPeñalolén
75%
SantiagoEstación Central
74%
SantiagoLa Reina
70%
SantiagoPudahuel
70%
SantiagoSan Joaquín
69%
SantiagoSan Miguel
69%
SantiagoRenca
68%
SantiagoSan Ramón
68%
SantiagoHuechuraba
67%
SantiagoRecoleta
67%
SantiagoQuilicura
65%
ChacabucoColina
64%
SantiagoEl Bosque
64%
SantiagoLa Cisterna
63%
SantiagoLa Granja
63%
SantiagoPedro Aguirre Cerda
63%
SantiagoLo Espejo
62%
SantiagoConchalí
60%
SantiagoLo Prado
60%
SantiagoQuinta Normal
59%
SantiagoCerrillos
58%
CordilleraSan José de Maipo
58%
SantiagoIndependencia
57%
CordilleraPirque
56%
TalagantePadre Hurtado
53%
SantiagoCerro Navia
51%
ChacabucoLampa
47%
TalagantePeñaflor
44%

Distribución de puntuación

Porcentaje por número respondido

Porcentaje de gente con cada puntuación

Historial de tus puntuaciones

No has intentado esta prueba.